000 01028nam a2200229Ia 4500
003 Ost
005 20260507074956.0
008 260507s9999||||xx |||||||||||||| ||und||
040 _cfsecg
041 _aara
082 _a330
100 _aفوراي، دومينيك
_eمؤلف
245 0 _aاقتصاد المعرفة /
_c دومينيك فوراي
260 _aدمشق:
_bمكتبة دار طلاس,
_c2003
300 _a160 صفحة؛
_c20 سم
504 _aببليوغرافيا:ص.150-155
520 _aأصالة الفرع العلمي،تطور الاقتصاديات القائمة على المعرفة،إنتاج المعرفة،ترميز المعرفة،مخرجات المعرفة،المعرفة الخاصة والمعرفة العامة،تنظيمات ومؤسسات تحت التجربة،في الطريق نحو الاقتصاد الجديد
653 _aالإقتصاد
653 _aالمعرفة
700 _aعرب صاصيلا، محمد
_eمؤلف ثانوي
942 _cكتاب
999 _c42031
_d42031